LEADER 01649nas 2200517- 450 001 9910799265703321 005 20241120174128.0 011 $a2196-6753 035 $a(DE-599)ZDB2005849-4 035 $a(OCoLC)629672609 035 $a(CKB)110978977740847 035 $a(CONSER)--2015207095 035 $a(EXLCZ)99110978977740847 100 $a20100523a19819999 s-- a 101 0 $aeng 135 $aurbn||||||abp 135 $aurbn||||||ada 181 $ctxt$2rdacontent 182 $cc$2rdamedia 183 $acr$2rdacarrier 200 10$aAnalysis 210 1$aWiesbaden :$cAkademische Verlagsgesellschaft,$d1981- 210 31$a[Berlin, Germany] :$aDe Gruyter 210 21$aMünchen : R. Oldenbourg, 1982- 300 $aRefereed/Peer-reviewed 300 $aPrint began with Vol. 1, no. 1 (Mar 1981). 300 $aPublished: München : R. Oldenbourg, 1982- 300 $aTitle from cover. 311 08$a0174-4747 330 $a"International journal of analysis and its application." 531 $aANALYSIS INTERNATIONAL MATHEMATICAL JOURNAL OF ANALYSIS AND ITS APPLICATIONS 531 $aANALYSIS (MUNICH) 606 $aMathematical analysis$vPeriodicals 606 $aAnalyse (wiskunde)$2gtt 606 $aAnalyse mathématique$vPériodiques 606 $aMathematical analysis$2fast$3(OCoLC)fst01012068 608 $aPeriodicals.$2fast 615 0$aMathematical analysis 615 17$aAnalyse (wiskunde) 615 6$aAnalyse mathématique 615 7$aMathematical analysis. 676 $a515.05 906 $aJOURNAL 912 $a9910799265703321 996 $aAnaliz$91525886 997 $aUNINA LEADER 04017nam 22006615 450 001 9910624303203321 005 20251008153640.0 010 $a3-031-16930-1 024 7 $a10.1007/978-3-031-16930-4 035 $a(MiAaPQ)EBC7136994 035 $a(Au-PeEL)EBL7136994 035 $a(CKB)25314889900041 035 $a(PPN)266351018 035 $a(DE-He213)978-3-031-16930-4 035 $a(OCoLC)1351199426 035 $a(EXLCZ)9925314889900041 100 $a20221113d2023 u| 0 101 0 $aeng 135 $aurcnu|||||||| 181 $ctxt$2rdacontent 182 $cc$2rdamedia 183 $acr$2rdacarrier 200 10$aSingle Molecule Mechanics on a Surface $eGears, Motors and Nanocars /$fedited by Francesca Moresco, Christian Joachim 205 $a1st ed. 2023. 210 1$aCham :$cSpringer International Publishing :$cImprint: Springer,$d2023. 215 $a1 online resource (197 pages) 225 1 $aAdvances in Atom and Single Molecule Machines,$x2193-9705 311 08$aPrint version: Moresco, Francesca Single Molecule Mechanics on a Surface Cham : Springer International Publishing AG,c2022 9783031169298 320 $aIncludes bibliographical references and index. 327 $aUnidirectional Motion of Single Molecules at Surfaces -- DMBI ? from n-type Dopant to Molecular Machines -- Assembly, Diffusion and Rotation of Organic Molecules on a Gold Surface -- From Early Prototypes to On-surface Drivable Single Molecule Nano-Vehicles -- On-surface Translational Activity of Porphyrin Chromophore Molecules -- Controlled Driving of a Single-molecule Anthracene-based Nanocar on a Metal Surface -- Azulene Based Nanocars -- Towards a Molecular Mechanical Calculator -- Atomistic Modelling of Energy Dissipation in Nanoscale Gears -- Molecular Networks and Surface Engineering for Single Molecule Studies: From Spatial Separation to Emergent Properties. 330 $aWritten by the leading experts of this field, this book results from the International Symposium on ?Single Molecule Machines on a Surface: Gears, Train of Gears, Motors, and Cars? which took place in Toulouse, France on November 24th - 25th, 2021. The different chapters focus on describing the use of single molecule mechanics on a surface and analyze the different steps leading to the design of a single molecule nanocar. The authors present how a single molecule is rotating, how a single molecule gear can participate to a train of molecule gears to propagate motion and how this knowledge is used for the design of nanocars. The way energy is provided to a single molecule and how this energy drives it onto the surface is also analyzed. A large portion of this volume is written by the eight teams selected to participate in the Nanocar Race II event. This book is of great use to graduate students, post-doctoral fellows and researchers who are interested in single molecule mechanics andwho want to know more about the fundamentals and applications of this new research field. . 410 0$aAdvances in Atom and Single Molecule Machines,$x2193-9705 606 $aNanoelectromechanical systems 606 $aNanotechnology 606 $aSelf-assembly (Chemistry) 606 $aSurfaces (Technology) 606 $aNanoscale Devices 606 $aNanoscale Design, Synthesis and Processing 606 $aMolecular Self-assembly 606 $aSurface patterning 615 0$aNanoelectromechanical systems. 615 0$aNanotechnology. 615 0$aSelf-assembly (Chemistry) 615 0$aSurfaces (Technology) 615 14$aNanoscale Devices. 615 24$aNanoscale Design, Synthesis and Processing. 615 24$aMolecular Self-assembly. 615 24$aSurface patterning. 676 $a547.7 702 $aMoresco$b Francesca 702 $aJoachim$b C. 801 0$bMiAaPQ 801 1$bMiAaPQ 801 2$bMiAaPQ 906 $aBOOK 912 $a9910624303203321 996 $aSingle Molecule Mechanics on a Surface$92967883 997 $aUNINA LEADER 02856oas 2201081 a 450 001 9910142659803321 005 20260317213012.0 011 $a1572-8455 035 $a(DE-599)ZDB2015451-3 035 $a(DE-599)2015451-3 035 $a(OCoLC)44506960 035 $a(CONSER) 2007233919 035 $a(CKB)954927383312 035 $a(EXLCZ)99954927383312 100 $a20000629a19939999 sy 101 0 $aeng 135 $aurmnu|||||||| 181 $ctxt$2rdacontent 182 $cc$2rdamedia 183 $acr$2rdacarrier 200 10$aFeminist legal studies 210 $a[Dordrecht] $cKluwer Academic Publishers 210 3 $a[Dordrecht] $cSpringer Netherlands 215 $a1 online resource 300 $aRefereed/Peer-reviewed 311 08$a0966-3622 606 $aFeminist jurisprudence$vPeriodicals 606 $aWomen$xLegal status, laws, etc$vPeriodicals 606 $aSex and law$vPeriodicals 606 $aFeminism$vPeriodicals 606 $aFe?minisme et droit$vPe?riodiques 606 $aFemmes$xDroit$vPe?riodiques 606 $aSexualite? et droit$vPe?riodiques 606 $aFe?minisme$vPe?riodiques 606 $aFeminism$2fast$3(OCoLC)fst00922671 606 $aFeminist jurisprudence$2fast$3(OCoLC)fst00922778 606 $aSex and law$2fast$3(OCoLC)fst01114252 606 $aWomen$xLegal status, laws, etc$2fast$3(OCoLC)fst01176824 606 $aFeminisme$2thub 606 $aDones$2thub 606 $aSituació legal$2thub 608 $aPeriodicals.$2fast 608 $aPeriodicals.$2lcgft 608 $aRevistes electròniques.$2thub 615 0$aFeminist jurisprudence 615 0$aWomen$xLegal status, laws, etc. 615 0$aSex and law 615 0$aFeminism 615 6$aFe?minisme et droit 615 6$aFemmes$xDroit 615 6$aSexualite? et droit 615 6$aFe?minisme 615 7$aFeminism. 615 7$aFeminist jurisprudence. 615 7$aSex and law. 615 7$aWomen$xLegal status, laws, etc. 615 7$aFeminisme. 615 7$aDones. 615 7$aSituació legal. 676 $a346.0134 712 02$aKent Law School. 801 0$bF#A 801 1$bF#A 801 2$bOCLCQ 801 2$bOCL 801 2$bEYM 801 2$bGUA 801 2$bU9S 801 2$bMYG 801 2$bOCLCQ 801 2$bBUF 801 2$bOCLCF 801 2$bOCLCQ 801 2$bAU@ 801 2$bUKMGB 801 2$bVT2 801 2$bDLC 801 2$bNJT 801 2$bOCLCQ 801 2$bOCLCO 801 2$bQGK 801 2$bOCLCO 801 2$bTXQ 801 2$bOCLCQ 801 2$bIOY 801 2$bUUM 801 2$bOCLCL 801 2$bOCLCQ 801 2$bTMA 906 $aJOURNAL 912 $a9910142659803321 996 $aFeminist legal studies$92126377 997 $aUNINA